|
|
|
|
| LEADER |
00000cas a22000001a 4500 |
| 001 |
vtls010298305 |
| 003 |
SK-MaSNL |
| 005 |
20260228162928.0 |
| 008 |
150108d19331937xo mr p r 0 b0slo |
| 040 |
|
|
|a SNK
|b slo
|c SNK
|e AACR2
|
| 041 |
0 |
|
|a slo
|
| 044 |
|
|
|a xo
|c SK
|
| 072 |
|
7 |
|a 316
|x Sociológia
|2 konspekt
|
| 072 |
|
7 |
|a 316.7
|x Sociológia kultúry. Kultúrny život
|2 konspekt
|
| 080 |
|
|
|a 316.728
|2 2001
|
| 080 |
|
|
|a 316.7
|2 2001
|
| 245 |
0 |
0 |
|a Nový hlas
|b revue pre sociálne a kultúrne otázky
|
| 260 |
|
|
|a Bratislava
|b František M. Komzala
|c 1933-1937
|
| 260 |
3 |
|
|3 1936-1937
|a Bratislava
|b Ferdinand Ziegler
|
| 300 |
|
|
|a 5 zv.
|c 24-30 cm
|
| 310 |
|
|
|a 1x mesačne
|
| 362 |
0 |
|
|a Roč. I, č. 1 (február 1933)-roč. V, č. 4 (apríl 1937)
|
| 500 |
|
|
|a Zodp. red.: František M. Komzala; od 1/1936, Ferdinand Ziegler
|
| 500 |
|
|
|a Vyd.: František M. Komzala; od 1/1936, Ferdinand Ziegler
|
| 500 |
|
|
|a Tlač.: J. Pocisk a spol.; od 2/1933, Universum, úč. tlač.
|
| 650 |
0 |
7 |
|a spoločenský život
|2 SNKPH
|9 28654
|
| 650 |
0 |
7 |
|a kultúra
|2 SNKPH
|9 886
|
| 655 |
|
7 |
|a spoločenské časopisy
|2 SNKPH
|9 70515
|
| 700 |
1 |
|
|a Komzala, František,
|d 1898-1980
|4 pbl
|9 199846
|
| 700 |
1 |
|
|a Ziegler, Ferdinand
|4 pbl
|9 272535
|
| 910 |
|
|
|a snk
|
| 916 |
|
|
|a 1933-1937
|
| 999 |
|
|
|c 8580
|d 10510
|
| 952 |
|
|
|0 0
|1 0
|4 0
|7 0
|8 1
|a SNK
|b SNK
|d 2015-01-07
|f 1
|i snkD 466/66
|l 0
|o snkČSD 345/1/1933
|p 17A0745832
|r 2026-02-21 20:43:06
|t č. 1-6
|w 2026-02-21
|y PREZ
|
| 952 |
|
|
|0 0
|1 0
|4 0
|7 0
|8 1
|a SNK
|b SNK
|d 2005-09-22
|f 1
|i snkD 472/66
|l 0
|o snkČSD 345/3/1935
|p 17A0483797
|r 2026-02-21 20:43:06
|t č. 1-10, neúpl.
|w 2026-02-21
|y PREZ
|z chýba č. 9-10
|
| 952 |
|
|
|0 0
|1 0
|4 0
|7 0
|8 1
|a SNK
|b SNK
|d 2015-01-07
|f 1
|i snkD 475/66
|l 0
|o snkČSD 345/4/1936
|p 17A0745833
|r 2026-02-21 20:43:06
|t č. 1-10, neúpl.
|w 2026-02-21
|y PREZ
|z chýba č. 1,7
|
| 952 |
|
|
|0 0
|1 0
|4 0
|7 0
|8 1
|a SNK
|b SNK
|d 2015-01-07
|f 1
|i snkD 478/66
|l 0
|o snkČSD 345/5/1937
|p 17A0745834
|r 2026-02-21 20:43:06
|t č. 1-4, neúpl.
|w 2026-02-21
|y PREZ
|z chýba č. 4
|
| 952 |
|
|
|0 0
|1 0
|4 0
|7 0
|a SNK
|b SNK
|d 2001-01-09
|l 0
|o snkČSD 345/2/1934 D2
|p 17A0263105
|r 2005-01-02 00:00:00
|t č. 1-4
|w 2026-02-21
|y PREZ
|
| 952 |
|
|
|0 0
|1 0
|4 0
|7 0
|a SNK
|b SNK
|d 2001-11-06
|l 0
|o snkČSD 345/4/1936 D1
|p 17A0321838
|r 2005-01-02 00:00:00
|t č. 1-10, neúpl.
|w 2026-02-21
|y PREZ
|z chýba č. 1,7
|
| 952 |
|
|
|0 0
|1 0
|3 rekatalogizácia
|4 0
|7 0
|8 1
|a SNK
|b SNK
|d 2007-10-25
|i snkD 467/66
|l 0
|o snkČSD 345/1/1933 D1
|p 17A0565629
|r 2026-02-21 21:22:35
|t č. 1-6
|w 2026-02-21
|y PREZ
|
| 952 |
|
|
|0 0
|1 0
|4 0
|7 0
|8 1
|a SNK
|b SNK
|d 2005-09-22
|f 1
|i snkD 469/66
|l 0
|o snkČSD 345/2/1934
|p 17A0483833
|r 2026-02-21 21:40:13
|t č. 1-4
|w 2026-02-21
|y PREZ
|